[Event "FICGS no engines 00 email"]
[Site "FICGS email"]
[Date "2010.11.14"]
[Round "1"]
[White "Moreno, Ciro Angel"]
[Black "Neil, Charles"]
[Result "1-0"]
[WhiteElo "1615"]
[BlackElo "1193"]
[PlyCount "59"]
[EventDate "2010.??.??"]
[EventType "swiss (corr)"]
[EventRounds "1"]
[SourceTitle "Corr 2013"]
[Source "ChessBase"]
[SourceDate "2012.11.12"]
[SourceVersion "1"]
[SourceVersionDate "2012.11.12"]
[SourceQuality "1"]

1. c4 e5 2. e3 e4 3. Nc3 Nf6 4. Qc2 Qe7 5. d3 Nc6 6. Nxe4 d5 7. Nxf6+ Qxf6 8. cxd5 Ne5 9. d4 Ng4 10. Bb5+ Bd7 11. Bxd7+ Kxd7 12. Qe2 Bb4+ 13. Kf1 Rad8 14. Qxg4+ Kd6 15. Nf3 h5 16. Qg3+ Ke7 17. e4 Qa6+ 18. Kg1 g6 19. Bg5+ f6 20. Qe5+ Kf7 21. Qxc7+ Ke8 22. Qg7 Rf8 23. Qxg6+ Ke7 24. Bh6 Rg8 25. Qh7+ Ke8 26. Qxg8+ Kd7 27. Qh7+ Kc8 28. Rc1+ Kb8 29. Qc7+ Ka8 30. Qxd8# 1-0

[Event "FICGS class C 000156 email"]
[Site "FICGS email"]
[Date "2010.09.03"]
[Round "1"]
[White "Wolf, Bernd"]
[Black "Moreno, Ciro Angel"]
[Result "1-0"]
[WhiteElo "1815"]
[BlackElo "1785"]
[PlyCount "37"]
[EventDate "2010.??.??"]
[EventType "tourn (corr)"]
[EventRounds "4"]
[SourceTitle "Corr 2013"]
[Source "ChessBase"]
[SourceDate "2012.11.12"]
[SourceVersion "1"]
[SourceVersionDate "2012.11.12"]
[SourceQuality "1"]

1. Nf3 d5 2. d4 Nf6 3. c4 c6 4. Nc3 dxc4 5. a4 Bf5 6. Ne5 e6 7. f3 Bb4 8. Bg5 c5 9. dxc5 Qa5 10. Nxc4 Bxc3+ 11. bxc3 Qxc3+ 12. Nd2 0-0 13. e4 Bg6 14. Rc1 Qe5 15. Be3 Rd8 16. Qb3 Rd7 17. Bb5 Nc6 18. Nc4 Qc7 19. 0-0 1-0

[Event "FICGS W-ch st1 g07 email"]
[Site "FICGS email"]
[Date "2010.07.02"]
[Round "1"]
[White "Panov, Dmitry"]
[Black "Moreno, Ciro Angel"]
[Result "0-1"]
[WhiteElo "2008"]
[BlackElo "1747"]
[PlyCount "44"]
[EventDate "2010.??.??"]
[EventType "tourn (corr)"]
[EventRounds "6"]
[SourceTitle "Corr 2013"]
[Source "ChessBase"]
[SourceDate "2012.11.12"]
[SourceVersion "1"]
[SourceVersionDate "2012.11.12"]
[SourceQuality "1"]

1. e4 e5 2. Nf3 Nf6 3. Nxe5 d6 4. Nf3 Nxe4 5. d4 d5 6. Bd3 Bd6 7. 0-0 0-0 8. c4 Nf6 9. c5 Be7 10. Be3 Re8 11. Nc3 b6 12. Re1 bxc5 13. dxc5 c6 14. Qd2 Ba6 15. Bc2 Bb7 16. a3 Nbd7 17. b4 a5 18. h3 axb4 19. axb4 Rxa1 20. Rxa1 Qc8 21. Bd3 Bd8 22. Bd4 Bc7 0-1

[Event "FICGS class C 000150 email"]
[Site "FICGS email"]
[Date "2010.07.01"]
[Round "1"]
[White "Moreno, Ciro Angel"]
[Black "Padilla, Jesus"]
[Result "0-1"]
[WhiteElo "1747"]
[BlackElo "1718"]
[PlyCount "46"]
[EventDate "2010.??.??"]
[EventType "tourn (corr)"]
[EventRounds "5"]
[SourceTitle "Corr 2013"]
[Source "ChessBase"]
[SourceDate "2012.11.12"]
[SourceVersion "1"]
[SourceVersionDate "2012.11.12"]
[SourceQuality "1"]

1. d4 Nf6 2. c4 e6 3. Nf3 d5 4. Nc3 Be7 5. e3 0-0 6. Bd3 dxc4 7. Bxc4 c5 8. 0-0 Nc6 9. dxc5 Bxc5 10. Qc2 Bd7 11. Rd1 Rc8 12. a3 Qc7 13. Nb5 Qb8 14. b4 Bb6 15. Qb3 Ne5 16. Nxe5 Qxe5 17. Bb2 Qh5 18. Nd6 Bc7 19. Bxf6 gxf6 20. b5 Bxd6 21. Rxd6 Be8 22. Rad1 Rc5 23. a4 Kh8 0-1

[Event "FICGS class C 000147 email"]
[Site "FICGS email"]
[Date "2010.06.04"]
[Round "1"]
[White "Moreno, Ciro Angel"]
[Black "Kokoryukin, Sergey"]
[Result "0-1"]
[WhiteElo "1615"]
[BlackElo "1800"]
[PlyCount "90"]
[EventDate "2010.??.??"]
[EventType "tourn (corr)"]
[EventRounds "6"]
[SourceTitle "Corr 2013"]
[Source "ChessBase"]
[SourceDate "2012.11.12"]
[SourceVersion "1"]
[SourceVersionDate "2012.11.12"]
[SourceQuality "1"]

1. c4 Nf6 2. d4 e6 3. Nf3 d5 4. Nc3 c6 5. e3 Nbd7 6. Bd3 dxc4 7. Bxc4 b5 8. Bd3 Bb7 9. e4 b4 10. Na4 c5 11. e5 Nd5 12. Nxc5 Nxc5 13. dxc5 Bxc5 14. Bb5+ Ke7 15. 0-0 h6 16. Bd2 Qb6 17. Qe2 Rhd8 18. Rac1 Kf8 19. Bd3 Rac8 20. Rfd1 Kg8 21. Bc4 Ne7 22. Ne1 Bd4 23. Nd3 a5 24. b3 Qc6 25. Qf1 Qe4 26. a3 bxa3 27. Bxa5 Rd7 28. Re1 Qg4 29. Bc3 Nf5 30. Bxd4 Nxd4 31. Kh1 Nf3 32. Re3 Nd2 33. Qg1 Nxc4 34. bxc4 Rxc4 35. Ra1 Rc3 36. Rg3 Qd4 37. Nf4 Qxe5 38. Re1 Qc5 39. Rxc3 Qxc3 40. Ne2 Qf6 41. Ra1 Qb2 42. Ng3 Rd2 43. Rb1 Bxg2+ 44. Kxg2 Rxf2+ 45. Qxf2 Qxb1 0-1

[Event "FICGS class C 000146 email"]
[Site "FICGS email"]
[Date "2010.05.28"]
[Round "1"]
[White "Moreno, Ciro Angel"]
[Black "Wolf, Bernd"]
[Result "0-1"]
[WhiteElo "1615"]
[BlackElo "1735"]
[PlyCount "72"]
[EventDate "2010.??.??"]
[EventType "tourn (corr)"]
[EventRounds "5"]
[SourceTitle "Corr 2013"]
[Source "ChessBase"]
[SourceDate "2012.11.12"]
[SourceVersion "1"]
[SourceVersionDate "2012.11.12"]
[SourceQuality "1"]

1. c4 Nf6 2. d4 e5 3. dxe5 Ng4 4. Qd4 d6 5. exd6 Bxd6 6. Qe4+ Be6 7. h3 Nf6 8. Qxb7 Nbd7 9. Nd2 Rb8 10. Qc6 0-0 11. a3 Re8 12. e3 Nc5 13. b4 Bd7 14. Qf3 Be5 15. Ra2 Ba4 16. Be2 Nfe4 17. Nxe4 Nxe4 18. Kf1 Bf6 19. Qg4 Bb3 20. Rb2 h5 21. Qxe4 Rxe4 22. Rxb3 Rxc4 23. Rb1 Rc2 24. e4 Qe8 25. Be3 Qxe4 26. Rd1 Rd8 27. Rxd8+ Bxd8 28. Nf3 Ra2 29. Kg1 Rxe2 30. Kh2 Qd3 31. Rg1 Qxa3 32. Nd4 Rxe3 33. fxe3 Qxe3 34. Nf3 Qf4+ 35. Kh1 Qxb4 36. Rd1 Bf6 0-1

[Event "FICGS class C 000146 email"]
[Site "FICGS email"]
[Date "2010.05.28"]
[Round "1"]
[White "Moreno, Ciro Angel"]
[Black "Zaccaria, Vincenzo"]
[Result "1-0"]
[WhiteElo "1615"]
[BlackElo "1725"]
[PlyCount "57"]
[EventDate "2010.??.??"]
[EventType "tourn (corr)"]
[EventRounds "5"]
[SourceTitle "Corr 2013"]
[Source "ChessBase"]
[SourceDate "2012.11.12"]
[SourceVersion "1"]
[SourceVersionDate "2012.11.12"]
[SourceQuality "1"]

1. c4 e6 2. d4 Bb4+ 3. Bd2 Bxd2+ 4. Qxd2 Nf6 5. Nc3 0-0 6. e4 d5 7. e5 b6 8. exf6 Qxf6 9. cxd5 Re8 10. Bb5 Bd7 11. Be2 c6 12. d6 a5 13. Nf3 Qd8 14. Rc1 Na6 15. 0-0 Bc8 16. Qf4 Nb4 17. a3 Nd5 18. Nxd5 exd5 19. Bd3 Re6 20. Rxc6 Rb8 21. Bxh7+ Kf8 22. Bf5 Re4 23. Bxe4 Bd7 24. Ng5 f6 25. Qh4 fxg5 26. Qh8+ Kf7 27. Qh5+ Kf8 28. Bxd5 Bxc6 29. Qf7# 1-0

[Event "FICGS class C 000146 email"]
[Site "FICGS email"]
[Date "2010.05.28"]
[Round "1"]
[White "Von Buttlar, Paul"]
[Black "Moreno, Ciro Angel"]
[Result "1-0"]
[WhiteElo "1792"]
[BlackElo "1615"]
[PlyCount "73"]
[EventDate "2010.??.??"]
[EventType "tourn (corr)"]
[EventRounds "5"]
[SourceTitle "Corr 2013"]
[Source "ChessBase"]
[SourceDate "2012.11.12"]
[SourceVersion "1"]
[SourceVersionDate "2012.11.12"]
[SourceQuality "1"]

1. c4 e5 2. Nc3 Nc6 3. Nf3 Nf6 4. d4 e4 5. Nd2 Nxd4 6. Ndxe4 Ne6 7. g3 Nxe4 8. Nxe4 Be7 9. Bg2 0-0 10. 0-0 f5 11. Nc3 f4 12. Nd5 Bg5 13. Bxf4 Bxf4 14. Nxf4 Nxf4 15. gxf4 Rxf4 16. e3 Rf6 17. f4 d6 18. b3 c6 19. Qd4 Qa5 20. Rf3 Bf5 21. Rg3 Raf8 22. a3 a6 23. b4 Qc7 24. e4 Be6 25. f5 c5 26. Qd3 Bf7 27. Qc3 Kh8 28. b5 axb5 29. cxb5 Qb6 30. a4 Rg8 31. Kh1 d5 32. exd5 Rxf5 33. d6 Qxd6 34. Bxb7 Bd5+ 35. Bxd5 Qxd5+ 36. Kg1 c4 37. Rb1 1-0

[Event "FICGS class C 000145 email"]
[Site "FICGS email"]
[Date "2010.05.17"]
[Round "1"]
[White "Moreno, Ciro Angel"]
[Black "Csoma, Robert"]
[Result "1-0"]
[WhiteElo "1615"]
[BlackElo "1651"]
[PlyCount "91"]
[EventDate "2010.??.??"]
[EventType "tourn (corr)"]
[EventRounds "6"]
[SourceTitle "Corr 2013"]
[Source "ChessBase"]
[SourceDate "2012.11.12"]
[SourceVersion "1"]
[SourceVersionDate "2012.11.12"]
[SourceQuality "1"]

1. c4 Nf6 2. d4 c5 3. e3 g6 4. Nc3 Bg7 5. dxc5 Qa5 6. Bd2 Qxc5 7. b4 Qxb4 8. Nd5 Qc5 9. Bb4 Qc6 10. Nxe7 Qc7 11. Nxc8 Qxc8 12. Bc3 0-0 13. Nf3 Nc6 14. Bd3 Rd8 15. 0-0 d5 16. Qb3 Qc7 17. cxd5 Nxd5 18. Bxg7 Kxg7 19. Rfd1 Na5 20. Qb2+ Qc3 21. Rab1 Qxb2 22. Rxb2 Nc3 23. Rdd2 Na4 24. Rbc2 Rd6 25. Rc7 Kg8 26. Nd4 Rad8 27. Be2 a6 28. Rdc2 Nb6 29. R7c5 Nc6 30. Nxc6 bxc6 31. h4 Nd5 32. Rxc6 Rxc6 33. Rxc6 Nb4 34. Rc7 Nxa2 35. Bxa6 Nb4 36. Bc4 Rf8 37. g4 h6 38. f4 Kg7 39. Kf2 Kf6 40. g5+ hxg5 41. hxg5+ Kg7 42. Kf3 Kg8 43. e4 Kg7 44. f5 gxf5 45. exf5 Kg8 46. f6 1-0

[Event "FICGS rapid C 000086 email"]
[Site "FICGS email"]
[Date "2010.04.29"]
[Round "1"]
[White "Flores, Luis"]
[Black "Moreno, Ciro Angel"]
[Result "1-0"]
[WhiteElo "1515"]
[BlackElo "1507"]
[PlyCount "107"]
[EventDate "2010.??.??"]
[EventType "tourn (rapid)"]
[EventRounds "5"]
[SourceTitle "Corr 2013"]
[Source "ChessBase"]
[SourceDate "2012.11.12"]
[SourceVersion "1"]
[SourceVersionDate "2012.11.12"]
[SourceQuality "1"]

1. e4 c5 2. Nf3 Nc6 3. d4 cxd4 4. Nxd4 Nf6 5. Nc3 e5 6. Ndb5 Bb4 7. a3 Bxc3+ 8. Nxc3 0-0 9. Be3 b6 10. f3 Bb7 11. Qd6 Rc8 12. 0-0-0 Re8 13. Kb1 Re6 14. Qd2 Qf8 15. Bc4 Ree8 16. Ba2 Red8 17. h4 Ne7 18. Qd6 Re8 19. Nb5 a6 20. Na7 Ra8 21. Qxb6 Rab8 22. Qd6 Nc6 23. Qxf8+ Kxf8 24. Bc5+ Kg8 25. g4 Rbd8 26. Nxc6 Bxc6 27. b4 Rb8 28. Kb2 a5 29. Bb3 axb4 30. axb4 Rec8 31. Bd6 Rb6 32. c3 Rb5 33. c4 Rb6 34. b5 Bxe4 35. fxe4 Nxe4 36. Bxe5 Nf2 37. Bd4 Nxd1+ 38. Rxd1 Rbb8 39. Be5 Rb7 40. g5 Re8 41. Rd5 h6 42. gxh6 gxh6 43. Bc2 Kf8 44. Kc3 Ke7 45. Bg7 f6 46. h5 Ra7 47. Bxh6 Ra3+ 48. Kb4 Rf3 49. b6 d6 50. Bd2 Rf2 51. h6 Ke6 52. h7 f5 53. b7 Rb8 54. Ka5 1-0

[Event "FICGS class D 000147 email"]
[Site "FICGS email"]
[Date "2010.04.28"]
[Round "1"]
[White "Brulland, Emmanuel"]
[Black "Moreno, Ciro Angel"]
[Result "0-1"]
[WhiteElo "1470"]
[BlackElo "1507"]
[PlyCount "60"]
[EventDate "2010.??.??"]
[EventType "tourn (corr)"]
[EventRounds "6"]
[SourceTitle "Corr 2013"]
[Source "ChessBase"]
[SourceDate "2012.11.12"]
[SourceVersion "1"]
[SourceVersionDate "2012.11.12"]
[SourceQuality "1"]

1. b3 c5 2. g3 d5 3. Bb2 Nc6 4. Bg2 e5 5. d3 Nf6 6. Nd2 Bd6 7. e3 0-0 8. Ne2 Be6 9. 0-0 Qd7 10. a3 Rad8 11. Re1 Rfe8 12. Nf3 Bg4 13. Nd2 Bc7 14. f3 Be6 15. Nc3 a6 16. Na4 b6 17. f4 Bg4 18. Bf3 Bf5 19. Bg2 Qe6 20. Nf3 e4 21. dxe4 Nxe4 22. Nc3 b5 23. Nxe4 dxe4 24. Nd2 Rd7 25. Qe2 Ba5 26. c3 Red8 27. Red1 Rd3 28. b4 cxb4 29. axb4 Bb6 30. Nf1 Bg4 0-1

[Event "FICGS class D 000147 email"]
[Site "FICGS email"]
[Date "2010.04.28"]
[Round "1"]
[White "Colarina, Floram"]
[Black "Moreno, Ciro Angel"]
[Result "0-1"]
[WhiteElo "1466"]
[BlackElo "1507"]
[PlyCount "64"]
[EventDate "2010.??.??"]
[EventType "tourn (corr)"]
[EventRounds "6"]
[SourceTitle "Corr 2013"]
[Source "ChessBase"]
[SourceDate "2012.11.12"]
[SourceVersion "1"]
[SourceVersionDate "2012.11.12"]
[SourceQuality "1"]

1. d4 Nf6 2. c4 c5 3. Nf3 cxd4 4. Nxd4 Qb6 5. b3 e5 6. Nf3 e4 7. Nd4 Bb4+ 8. Bd2 Qxd4 9. Nc3 Bxc3 10. Rc1 Bxd2+ 11. Qxd2 Qxd2+ 12. Kxd2 b6 13. c5 Na6 14. cxb6 axb6 15. f3 Bb7 16. h4 Nc5 17. Rc2 Nd5 18. h5 Nb4 19. Rb2 Ra3 20. e3 exf3 21. Rh4 Ne4+ 22. Ke1 fxg2 23. Bxg2 Nd3+ 24. Ke2 Nxb2 25. Bxe4 Bxe4 26. Rxe4+ Kd8 27. Rb4 Rxa2 28. Kf3 Nd3 29. Rxb6 Kc7 30. Rb5 Kc6 31. Rf5 Rf2+ 32. Ke4 Rxf5 0-1

[Event "FICGS class D 000147 email"]
[Site "FICGS email"]
[Date "2010.04.28"]
[Round "1"]
[White "Gonet, Gerard"]
[Black "Moreno, Ciro Angel"]
[Result "0-1"]
[WhiteElo "1600"]
[BlackElo "1507"]
[PlyCount "46"]
[EventDate "2010.??.??"]
[EventType "tourn (corr)"]
[EventRounds "6"]
[SourceTitle "Corr 2013"]
[Source "ChessBase"]
[SourceDate "2012.11.12"]
[SourceVersion "1"]
[SourceVersionDate "2012.11.12"]
[SourceQuality "1"]

1. f4 Nf6 2. c4 e6 3. d4 d5 4. a3 dxc4 5. Nc3 a6 6. e4 b5 7. Nf3 c5 8. e5 Nd5 9. Be2 Nxc3 10. bxc3 Bb7 11. a4 Nc6 12. axb5 axb5 13. Be3 Rxa1 14. Qxa1 cxd4 15. Nxd4 Nxd4 16. Bxd4 Bxg2 17. Rg1 Be4 18. Qa6 Qd7 19. Kf2 Qb7 20. Qa2 Rg8 21. Ra1 Be7 22. Qa8+ Qxa8 23. Rxa8+ Bxa8 0-1

[Event "FICGS class E 000119 email"]
[Site "FICGS email"]
[Date "2010.02.23"]
[Round "1"]
[White "Stoyanov, Zdravko"]
[Black "Moreno, Ciro Angel"]
[Result "0-1"]
[WhiteElo "1333"]
[BlackElo "1382"]
[PlyCount "54"]
[EventDate "2010.??.??"]
[EventType "tourn (corr)"]
[EventRounds "6"]
[SourceTitle "Corr 2013"]
[Source "ChessBase"]
[SourceDate "2012.11.12"]
[SourceVersion "1"]
[SourceVersionDate "2012.11.12"]
[SourceQuality "1"]

1. e4 c5 2. Nf3 Nc6 3. Bb5 Nf6 4. Bxc6 bxc6 5. d3 d6 6. h3 g6 7. 0-0 Bg7 8. Re1 Nd7 9. c3 Rb8 10. Qa4 Qc7 11. a3 f5 12. Qc4 Nb6 13. Qb3 fxe4 14. Ng5 Nd5 15. Qd1 exd3 16. Qf3 e5 17. Qxd3 Bf5 18. Qf3 0-0 19. Qe2 h6 20. Ne4 Nf4 21. Bxf4 exf4 22. Qd2 Rbe8 23. f3 c4 24. Nf2 Qb6 25. Rxe8 Rxe8 26. Qc1 Re2 27. Nd2 Qxf2+ 0-1

[Event "FICGS rapid D 000034 email"]
[Site "FICGS email"]
[Date "2010.01.31"]
[Round "1"]
[White "Moreno, Ciro Angel"]
[Black "Stoyanov, Zdravko"]
[Result "1-0"]
[WhiteElo "1382"]
[BlackElo "1333"]
[PlyCount "75"]
[EventDate "2010.??.??"]
[EventType "tourn (rapid)"]
[EventRounds "5"]
[SourceTitle "Corr 2013"]
[Source "ChessBase"]
[SourceDate "2012.11.12"]
[SourceVersion "1"]
[SourceVersionDate "2012.11.12"]
[SourceQuality "1"]

1. c4 c5 2. Nf3 Nc6 3. d4 d6 4. Nc3 cxd4 5. Nxd4 Nxd4 6. Qxd4 e5 7. Qd3 Nf6 8. e4 h6 9. Be2 Be7 10. 0-0 0-0 11. Be3 b6 12. f4 Bb7 13. fxe5 dxe5 14. Nd5 Bxd5 15. cxd5 Bd6 16. Bd2 Rc8 17. Kh1 Bc5 18. Qf3 Bd4 19. Bxh6 Bxb2 20. Qg3 Ne8 21. Rad1 Bd4 22. Bb5 Kh7 23. Bxe8 gxh6 24. Rxf7+ Rxf7 25. Bxf7 Qf6 26. Be6 Rf8 27. Bf5+ Kh8 28. Qa3 a5 29. d6 Bc5 30. Qd3 Bd4 31. d7 Qd6 32. Rc1 Qb8 33. Rc8 Qd6 34. Qc4 Bc5 35. Rxf8+ Qxf8 36. Qe6 Bd6 37. Qe8 Be7 38. d8Q 1-0

[Event "FICGS class E 000118 email"]
[Site "FICGS email"]
[Date "2010.01.19"]
[Round "1"]
[White "Moreno, Ciro Angel"]
[Black "Kehayov, Yulian"]
[Result "1-0"]
[WhiteElo "1382"]
[BlackElo "1267"]
[PlyCount "47"]
[EventDate "2010.??.??"]
[EventType "tourn (corr)"]
[EventRounds "6"]
[SourceTitle "Corr 2013"]
[Source "ChessBase"]
[SourceDate "2012.11.12"]
[SourceVersion "1"]
[SourceVersionDate "2012.11.12"]
[SourceQuality "1"]

1. c4 e5 2. Nc3 Nf6 3. Nf3 c6 4. Nxe5 Bd6 5. Nf3 0-0 6. d4 Bc7 7. Bg5 h6 8. Bxf6 Qxf6 9. e3 a6 10. Be2 b5 11. b4 a5 12. a3 axb4 13. axb4 Rxa1 14. Qxa1 Na6 15. cxb5 Nxb4 16. Qb1 Nd5 17. Ne4 Nc3 18. Nxf6+ gxf6 19. Qc2 Nxe2 20. Kxe2 Bb7 21. Ra1 Bd6 22. Ra7 Bc8 23. bxc6 dxc6 24. Qxc6 1-0

[Event "FICGS class E 000118 email"]
[Site "FICGS email"]
[Date "2010.01.19"]
[Round "1"]
[White "Stoyanov, Zdravko"]
[Black "Moreno, Ciro Angel"]
[Result "0-1"]
[WhiteElo "1333"]
[BlackElo "1382"]
[PlyCount "58"]
[EventDate "2010.??.??"]
[EventType "tourn (corr)"]
[EventRounds "6"]
[SourceTitle "Corr 2013"]
[Source "ChessBase"]
[SourceDate "2012.11.12"]
[SourceVersion "1"]
[SourceVersionDate "2012.11.12"]
[SourceQuality "1"]

1. e4 c5 2. Nf3 Nc6 3. Bb5 g6 4. Bxc6 bxc6 5. d3 Bg7 6. c3 Rb8 7. 0-0 d6 8. h3 Ba6 9. Qa4 Bxd3 10. Qxc6+ Qd7 11. Qxd7+ Kxd7 12. Re1 Bxb1 13. Rxb1 Bxc3 14. b3 Bxe1 15. Nxe1 Nf6 16. g4 Nxe4 17. Bb2 e5 18. Rd1 Ke6 19. f4 Rhd8 20. fxe5 dxe5 21. Rxd8 Rxd8 22. Nf3 f6 23. h4 Rd1+ 24. Kg2 Rb1 25. Ba3 Ra1 26. g5 Rxa2+ 27. Kh3 Rxa3 28. gxf6 Rxb3 29. Kg4 h5+ 0-1